| 000 | 01584cam a2200397 a 4500 | ||
|---|---|---|---|
| 999 |
_c16866 _d16866 |
||
| 001 | 16294742 | ||
| 003 | EG-ScBUE | ||
| 005 | 20201101112347.0 | ||
| 008 | 100621t2011 nyua f 000 d eng d | ||
| 020 | _a0811219038 (cloth : alk. paper) | ||
| 020 | _a9780811219037 (cloth : alk. paper) | ||
| 020 | _a9780811218948 (paperbook : alk. paper) | ||
| 020 | _a0811218945 (paperbook : alk. paper) | ||
| 040 |
_aDLC _beng _erda _cDLC _dYDX _dYDXCP _dVP@ _dORX _dCDX _dBKL _dDLC _dEG-ScBUE |
||
| 082 | 0 | 4 |
_a812.54 _bWIL _222 |
| 100 | 1 |
_aWilliams, Tennessee, _d1911-1983, _eauthor. _930579 |
|
| 245 | 1 | 4 |
_aThe Glass Menagerie / _cTennessee Williams ; introduction by Tony Kushner. |
| 250 | _aDeluxe centennial edition. | ||
| 264 | 1 |
_aNew York, NY : _bNew Directions Publishing Corporation, _c[2011] |
|
| 264 | 4 | _cc2011 | |
| 300 |
_a247 pages : _billustrations ; _c21 cm |
||
| 336 |
_2rdacontent _atext _btxt |
||
| 337 |
_2rdamedia _aunmediated _bn |
||
| 338 |
_2rdacarrier _avolume _bnc |
||
| 650 | 7 |
_aYoung men _vDrama. _2BUEsh _930580 |
|
| 650 | 7 |
_aYoung women with disabilities _vDrama. _2BUEsh _930581 |
|
| 650 | 7 |
_aMothers and sons _vDrama. _2BUEsh _930582 |
|
| 650 | 7 |
_aMothers and daughters _vDrama. _2BUEsh _930583 |
|
| 650 | 7 |
_aBrothers and sisters _vDrama. _2BUEsh _930584 |
|
| 650 | 7 |
_aFamilies _vDrama. _2BUEsh _930585 |
|
| 651 | 7 |
_aSaint Louis (Mo.) _vDrama. _2BUEsh _930586 |
|
| 653 |
_cJuly2012 _bHHUUEENN |
||
| 655 | 0 |
_aDomestic drama. _vReading book |
|
| 942 |
_2ddc _cBB |
||